| 000 | 00722nam a2200217Ia 4500 | ||
|---|---|---|---|
| 001 | 9048 | ||
| 003 | GE_BSU | ||
| 008 | 181216s||||||||xx |||||||||||||| ||und|| | ||
| 040 | _cGE_BSU | ||
| 100 | _aკუპრავა,ოთარ | ||
| 245 | _aლურჯი იების ზღაპარი | ||
| 245 | _bრომანი | ||
| 245 | _cრედ.ნ.კანდელაკი,მხატვ.დ.დუნდუა | ||
| 260 | _aთბილისი | ||
| 260 | _bლიტერატურა და ხელოვნება | ||
| 260 | _c1972 | ||
| 300 | _a216გვ;17 სმ. | ||
| 653 | _aლურჯი იების ზღაპარი | ||
| 653 | _aრომანი | ||
| 942 | _cBK | ||
| 999 |
_c42352 _d42352 |
||